Vplyv rovnania drôtu na jeho mechanické vlastnosti

Enregistré dans:
Détails bibliographiques
Auteur principal: Gálovič, Roman, 1970- (Auteur)
Autres auteurs: Tittel, Viktor, 1948- (Directeur de thèse)
Format: Manuscrit Livre
Langue:slovaque
Publié: STU v Bratislave MTF UVTE KT, 2010
Sujets:
Accès en ligne:VAIS
Tags: Ajouter un tag
Pas de tags, Soyez le premier à ajouter un tag!

MARC

LEADER 00000ntm a22000003a 4500
001 stu208058
005 20160719160243.0
008 100722s2010------------------------slo-d
040 |a STU  |b slo 
041 0 |a slo 
100 1 |a Gálovič, Roman,  |d 1970-  |4 aut  |X 31670  |7 A000031670 
242 0 0 |a The impact of wire straightening and its mechanical qualities.  |y eng 
245 1 |a Vplyv rovnania drôtu na jeho mechanické vlastnosti  
260 |b STU v Bratislave MTF UVTE KT,  |c 2010 
650 7 |a technológia ťahania  |2 stusub 
700 1 |a Tittel, Viktor,  |d 1948-  |4 ths  |u M3000  |U MTF Materiálovotechnologická fakulta  |T MTF Ústav výrobných technológií  |X 2213  |U M3000  |Y 83  |7 A000002213 
856 4 |a info a plný text  |u http://is.stuba.sk/zp/portal_zp.pl?podrobnosti=58723  |3 VAIS 
996 |c M*DP-9006  |l MMSKP  |s P  |a 0  |w stu208058_0001